Química orgánica fundamental

Bibliographic Details
Main Authors: Rakoff, Henry, Rose, C., Norman
Format: Section = Libro
Language:Undetermined
Spanish
Published: México Centro Regional de Ayuda Técnica 1971
Subjects:
LEADER 00475nam a2200181Ia 4500
008 240829s9999 xx 000 0 und d
040 |a BIBLIOTECA-RUSB/ 547 R162 
041 |a spa 
082 |a 547 R162 
100 1 |a Rakoff, Henry  
100 1 |b  Rose, C., Norman 
245 1 0 |a Química orgánica fundamental 
260 |a México  |b Centro Regional de Ayuda Técnica  |c 1971 
300 |a 890 p. :il. 
650 7 |a QUIMICA ORGANICA 
942 |c BK  |2 ddc 
991 |a TEXTO 
999 |c 2514